LIBRARY & INFORMATION CENTRE, KCAET, TAVANUR

ONLINE PUBLIC ACCESS CATALOGUE (OPAC)

Normal view MARC view
  • Dr Rajesh

Entry Personal Name

Number of records used in: 1

001 - CONTROL NUMBER

  • control field: 5338

003 - CONTROL NUMBER IDENTIFIER

  • control field: OSt

005 - DATE AND TIME OF LATEST TRANSACTION

  • control field: 20221201153856.0

008 - FIXED-LENGTH DATA ELEMENTS

  • fixed length control field: 221201|| aca||aabn | a|a d

040 ## - CATALOGING SOURCE

  • Original cataloging agency: OSt
  • Transcribing agency: OSt

100 ## - HEADING--PERSONAL NAME

  • Personal name: Dr Rajesh

670 ## - SOURCE DATA FOUND

  • Source citation: Work cat.: (OSt)17597: ANKITH ANILKUMAR AVEEN RAGH AMAN VAISAKH, K 5337, DEVELOPMENT AND PERFORMANCE EVALUATION OF TENDER JACKFRUIT PEELER, 2022
free website counter